00967nam a2200229 a 450000100100000000500170001000800410002704000250006804100390009308200130013210000280014524000370017324501250021026001170033530000280045253400460048050400320052670000360055804900090059495201170060399900170072000002468620200930023317.0110202s1972 mx a r 000 0 spa d aDO-SdBNPbspacBNPHU17aspaheng2Código de idiomas MARC ann*bnn*1 aKemp, Jerrold E.95061810aInstructional design.lEspañol10aPlaneamiento didactico :bplan de desarrollo para unidades y cursos /cJerrold E. Kemp ; traducción Andrés M. Mateo. aMéxico, D. F. :bCentro Regional de Ayuda Técnica. Agencia para el Desarrollo Internacional ;bDiana,c1972. a175 p. :bil. ;c21 cm. aTítulo original :tInstructional design aBibliografía : 171-175 p.1 aMateo, Andrés M.,etr.950619 aBNGR 001054708MOaGRbGRcCTd2011-02-02iLF1l0onn* nn*p24686-10r2020-06-25w2020-06-25y4ZPréstamo en sala c24179d24179